00386 a2200109 4500001000900000005001700009008004100026245008300067100003200150773007700182999001700259ART_851720260410161844.0260409a 10aEfectos de las exportaciones no tradicionales en la distribución del ingreso1 aDíaz Alejandro, Carlos F.0 tEl trimestre económicog- Vol. XLIV, Nº 174 (abr./jun. 1977)wREV6933 c24359d24359